000
00347nam a2200157Ia 4500
008
210210b1948 xxu||||| |||| 00| 0 eng d
041
_a
eng
082
_a
829/393
100
_a
FORD (F M)
245
_a
Last post
260
_a
London
_b
Penguin Books
_c
1948
650
_a
post
650
_a
Last
690
_a
English Fiction
906
_a
016997
999
_c
136956
_d
136956